000 01063cam a2200301 a 4500
001 17195374
003 OSt
005 20230921163457.0
008 120305s2013 enk b 001 0 eng
010 _a 2012009073
020 _a9781032524603
040 _aDLC
_cDLC
_dDLC
042 _apcc
050 0 0 _aH62
_b.H23386 2013
082 0 0 _a001.42
_bHAM/R
100 1 _aHammond, Michael,
_d1956-
_99567
245 1 0 _aResearch methods :
_bthe key concepts /
_cMichael Hammond and Jerry Wellington.
250 _a2nd ed.
260 _aLondon ;
_aNew York :
_bRoutledge,
_c2021.
300 _a218 p. ;
_c23 cm.
490 0 _aRoutledge key guides
505 0 _aList of key concepts -- Preface -- The key concepts -- Glossary.
650 0 _aSocial sciences
_xResearch
_xMethodology.
700 1 _aWellington, J. J.
_q(Jerry J.)
906 _a7
_bcbc
_corignew
_d1
_eecip
_f20
_gy-gencatlg
942 _2ddc
_cBK
_h001.42
_iHAM/R
_k001.42
_mHAM/R
999 _c42211
_d42211